000 00769nas a2200229 4500
001 BR8303739
003 BR-BrBNA
005 20231205085625.0
007 ta
008 230509b bl.|||p| |||| 00| 00por d
040 _aBR-BrBNA
_bpor
_cBiblioteca Nacional de Agricultura
041 _a(Pt)
072 _aK20
100 1 _aFischer, P.L.
111 1 _a4. Congresso Florestal Brasileiro
_cBelo Horizonte, MG (Brazil)
_d10-15 May 1982
245 1 _aReposicao obrigatoria; pluriparticipacao nos empreendimentos florestais nao incentivados
650 _aFLORESTA
650 _aPOLITICA FLORESTAL
773 0 _tSilvicultura (Brazil)
_xISSN 0100-3615
_g(Jan-Feb 1983), v. 8(28) p. 912-915
_wBR8303739
909 _a202311
_bLúcia
_c55
_dLúcia Elande
942 _2AGRIS
_n0
_cANA
999 _c112611
_d112611